Pays qui ont un désert - Statistiques

Statistiques générales
  • Ce quiz a été pris 184 fois
  • Le résultat moyen est 66 sur 86
Statistiques - réponses
Désert Pays % Correct
Sahara Maroc (Sahara occidental inclus)
96%
Sahara Algérie
95%
Arabie Arabie Saoudite
93%
Dzoosotoyn Elisen Chine
93%
Gobi Chine
93%
Ordos Chine
93%
Taklamakan Chine
93%
Péninsule du Sinaï Égypte
93%
Sahara Égypte
93%
Chihuahua États-Unis
93%
Colorado États-Unis
93%
Grand Bassin États-Unis
93%
Mojaves États-Unis
93%
Painted Desert États-Unis
93%
Sonora États-Unis
93%
Chihuahua Mexique
91%
Grand Bassin Mexique
91%
Sonora Mexique
91%
Arabie Oman
89%
Sahara Libye
88%
Courlande Russie
88%
Sahara Tunisie
88%
Arabie Irak
87%
Syrie Irak
87%
Dasht-e Kavir Iran
86%
Dasht-e Lut Iran
86%
Sahara Mali
86%
Sahara Mauritanie
86%
Arabie Qatar
86%
Arabie Yémen
86%
Arabie Jordanie
85%
Syrie Jordanie
85%
Gobi Mongolie
85%
Sahara Soudan
85%
Désert de Simpson Australie
84%
Gibson Australie
84%
Grand Désert de Sable Australie
84%
Petit désert de sable Australie
84%
Strzelecki Australie
84%
Sturt Stony Desert Australie
84%
Tanami Australie
84%
Tanami Australie
84%
Arabie Émirats arabes unis
84%
Syrie Syrie
83%
Osoyoos Canada
82%
Sahara Niger
82%
Côtier érythréen Érythrée
81%
Danakil Érythrée
81%
Thar Inde
80%
Sahara Tchad
80%
Atacama Chili
77%
Néguev Israël
77%
Kalahari Afrique du Sud
75%
Danakil Éthiopie
75%
Arabie Koweït
75%
Cholistan Pakistan
75%
Thar Pakistan
75%
Danakil Somalie
74%
Kalahari Namibie
71%
Moçâmedes Namibie
71%
Namib Namibie
71%
Karakoum Turkménistan
71%
Arabie Bahreïn
70%
Côtier érythréen Djibouti
68%
Danakil Djibouti
68%
Grand Bara Djibouti
68%
Petit Bara Djibouti
68%
Bardenas Reales Espagne
67%
Tabernas Espagne
67%
Karakoum Ouzbékistan
66%
Kyzyl Kum Ouzbékistan
66%
Kyzyl Kum Kazakhstan
64%
Agriates France
62%
Lompoul Sénégal
62%
Chalbi Kenya
57%
Nyiri Kenya
57%
Moçâmedes Angola
55%
Kalahari Botswana
55%
Hautes Terres d'Islande Islande
53%
Accona Italie
46%
La Guajira Colombie
44%
Błędów Pologne
39%
La Guajira Venezuela
38%
Olténie Roumanie
28%
Courlande Lituanie
17%
Deliblatska peščara Serbie
15%
Aucun quiz correspondant
Distribution des résultats
% des personnes avec chaque résultat
Percentile par nombre de réponses
Votre historique - résultats
Vous n’avez pas pris ce quiz